000
00261nam a2200097Ia 4500
001
1223095
005
20250827092901.0
008
250824s9999 xx 000 0 und d
245
0
_a
ATATÜRK VE ÇOCUK SEVGİSİ
_c
AYŞE ŞENGÜL
260
_b
MAVİ ÇOCUK YAYINEVİ
999
_c
1223095
_d
1223095